Normal view
MARC view
Entry Geographic Name
001 - CONTROL NUMBER
- control field: 4028
003 - CONTROL NUMBER IDENTIFIER
- control field: MY-SjTCS
005 - DATE AND TIME OF LATEST TRANSACTION
- control field: 20191205121754.0
008 - FIXED-LENGTH DATA ELEMENTS
- fixed length control field: 071122 n a| ||bab| n a|a d
039 #9 -
- : 200711220939
- : suankui
040 ## - CATALOGING SOURCE
- Original cataloging agency: MY-SjTCS
- Transcribing agency: MY-SjTCS
151 ## - HEADING--GEOGRAPHIC NAME
- Geographic name: Malaysia
- General subdivision: Description and travel
- Form subdivision: Pictorial works.
999 ## -
- : VIRTUA40 y
999 ## -
- : VTLSSORT0080*1510*9991